000 00581nam a2200193Ia 4500
005 20260120131820.0
008 008 260114s9999 xx 000 0 eng d
020 _a9781383006803
037 _aEBOOK
040 _aCRL
_beng
_cCRL
041 _aeng
_2eng
084 _qCRL
100 _aCowling
_9931530
245 0 _aBuilding the Text Architecture as Metaphor in Late Medieval and Early Modern France
260 _bOxford University PressOxford University Press
_c2023
856 _uhttps://academic.oup.com/book/48524
942 _cEBOOK
999 _c1523452
_d1523452